Les sites belges inscrits au patrimoine mondial de l'Unesco en images - Statistiques

Statistiques générales
  • Ce quiz a été pris 14 fois
  • Le résultat moyen est 5 sur 16
Statistiques - réponses
Par images Réponse % Correct
La Grand-Place de Bruxelles
85%
Centre historique de Bruges
77%
Beffrois de Belgique et de France
62%
Cathédrale Notre-Dame de Tournai
54%
Béguinages flamands
38%
Forêts primaires de hêtres des Carpates et d'autres régions d'Europe
23%
Habitations majeures de l'architecte Victor Horta
23%
Les grandes villes d’eaux d’Europe
23%
Sites miniers majeurs de Wallonie
23%
Complexe Maison-Ateliers-Musée Plantin-Moretus
15%
Les sites funéraires et mémoriels de la Première Guerre mondiale
15%
L'œuvre architecturale de Le Corbusier, une contribution exceptionnelle au Mouvement Moderne
15%
Palais Stoclet
15%
Minières néolithiques de silex de Spiennes
8%
Colonies de bienfaisance
0%
Les quatre ascenseurs du canal du Centre et leur site, La Louvière et Le Rœulx
0%
Aucun quiz correspondant
Distribution des résultats
% des personnes avec chaque résultat
Percentile par nombre de réponses
Votre historique - résultats
Vous n’avez pas pris ce quiz